00386pab a2200121 454500008004000000100002300040245012500063260000900188300001100197362000900208650002200217773002500239180718b1988 xxu||||| |||| 00| 0 eng d aKitschelt, Herbert aOrganisation and strategy of Belgian and West German ecology partiesbA new dynamics of party politics in Western Europe c1988 a127-54 aJan. aPolitical Parties aComparative Politics